Cyborg Mind : What Brain-Computer and Mind-Cyberspace Interfaces Mean for Cyberneuroethics.

Bibliographic Details
Main Author: MacKellar, Calum.
Format: eBook
Language:English
Published: New York, NY : Berghahn Books, Incorporated, 2019.
Edition:1st ed.
Subjects:
Online Access:Click to View
LEADER 01481nam a22003613i 4500
001 EBC31498582
003 MiAaPQ
005 20240729202206.0
006 m o d |
007 cr cnu||||||||
008 240729s2019 xx o ||||0 eng d
020 |a 9781789200157  |q (electronic bk.) 
020 |z 9781800734531 
035 |a (MiAaPQ)EBC31498582 
035 |a (Au-PeEL)EBL31498582 
040 |a MiAaPQ  |b eng  |e rda  |e pn  |c MiAaPQ  |d MiAaPQ 
050 4 |a QP360.7 .C93 2019 
082 0 |a 004.019 
100 1 |a MacKellar, Calum. 
245 1 0 |a Cyborg Mind :  |b What Brain-Computer and Mind-Cyberspace Interfaces Mean for Cyberneuroethics. 
250 |a 1st ed. 
264 1 |a New York, NY :  |b Berghahn Books, Incorporated,  |c 2019. 
264 4 |c Ã2019. 
300 |a 1 online resource (264 pages) 
336 |a text  |b txt  |2 rdacontent 
337 |a computer  |b c  |2 rdamedia 
338 |a online resource  |b cr  |2 rdacarrier 
588 |a Description based on publisher supplied metadata and other sources. 
590 |a Electronic reproduction. Ann Arbor, Michigan : ProQuest Ebook Central, 2024. Available via World Wide Web. Access may be limited to ProQuest Ebook Central affiliated libraries.  
655 4 |a Electronic books. 
776 0 8 |i Print version:  |a MacKellar, Calum  |t Cyborg Mind  |d New York, NY : Berghahn Books, Incorporated,c2019  |z 9781800734531 
797 2 |a ProQuest (Firm) 
856 4 0 |u https://ebookcentral.proquest.com/lib/matrademy/detail.action?docID=31498582  |z Click to View